| 000 | 00471nam a22001577a 4500 | ||
|---|---|---|---|
| 003 | OSt | ||
| 005 | 20151118091339.0 | ||
| 008 | 151118b xxu||||| |||| 00| 0 eng d | ||
| 040 | _cRUA | ||
| 082 | _aFIS ទឹម 1993 B153 Or.1 | ||
| 100 |
_93831 _aទឹម សារ៉ាត |
||
| 245 | _aការកែច្នៃប្រហុក នៅខេត្តសៀមរាប, | ||
| 260 |
_aPhnom Penh _bRUA _c1993 |
||
| 300 |
_a100p. _bill. _c29cm. |
||
| 942 |
_2ddc _cFIS |
||
| 999 |
_c3563 _d3563 |
||